000 00353nam a22001697a 4500
003 UA-OsUOA
001 6161
007 ta
008 20050721b un ||||| |||| 00| 0 ukr d
100 _aAtwater
700 _aRichard
942 _cBK
040 _aUA-OsUOA
_cUA-OsUOA
_dUA-OsUOA
245 _aMr. Popper's Penguins.
955 _a2
650 7 _2UDC
999 _c292323
_d292323